| 000 | 00360nam a22001577a 4500 | ||
|---|---|---|---|
| 003 | OSt | ||
| 008 | 240508b |||||||| |||| 00| 0 eng d | ||
| 020 | _a9788131502006 | ||
| 082 | _a004.165 AYT | ||
| 100 | _aAYALA, Kenneth J | ||
| 245 | _a8051 Microcontroller | ||
| 250 | _a3rd Ed | ||
| 260 |
_aNew Delhi _bCengage _c2023 |
||
| 300 | _a412 | ||
| 942 |
_2ddc _cBK |
||
| 999 |
_c12661 _d12661 |
||